Culture Générale - Série 2669 - Statistiques

Statistiques générales
  • Ce quiz a été pris 53 fois
  • Le résultat moyen est 4 sur 10
Statistiques - réponses
Question Réponse % Correct
Dans la pièce de théâtre de William Shakespeare, de quel pays Hamlet est-il prince ? Danemark
65%
Dans quel pays le style musical issu du rock, du reggae et du jazz, appelé "ska" est-il né dans les années 1960 ? Jamaïque
63%
Quelle est la capitale du Timor oriental ? Dili
55%
Dans la Grèce antique, notamment à Sparte,quel type de population était appelé "ilote" ou "hilote" ? esclave
39%
Dans quelle ville américaine est né dans les années 2010 le sous-genre musical du hip-hop appelé "drill" ? Chicago
35%
Qui a écrit "Les faux monnayeurs" en 1925 ? prénom et nom André Gide
31%
Qui a écrit "Le Capitaine Fracasse" en 1863 ? prénom et nom Théophile Gautier
25%
Qu'est-ce qu'une psalliote ? champignon
16%
Grande plume rigide de l'aile (des oiseaux).- synonyme "penne" rémige
14%
Dans quel département français se trouve la ville d'Orbec ? Calvados
12%
Aucun quiz correspondant
Distribution des résultats
% des personnes avec chaque résultat
Percentile par nombre de réponses
Votre historique - résultats
Vous n’avez pas pris ce quiz